Catálogo
Digital

Catálogo
Digital

Instalaciones y sistemas fotovoltaicos (Record no. 10841)

MARC details
000 -LEADER
campo de control de longitud fija 01188nam a2200301Ia 4500
000 - LEADER
campo de control de longitud fija nam a22 i 4500
001 - NÚMERO DE CONTROL
campo de control UNACH-14322
007 - CAMPO FIJO DE DESCRIPCIÓN FÍSICA--INFORMACIÓN GENERAL
campo de control de longitud fija ta
008 - DATOS DE LONGITUD FIJA--INFORMACIÓN GENERAL
campo de control de longitud fija 221212s ||||fr|||| 00| | spa d
020 ## - NÚMERO INTERNACIONAL ESTÁNDAR DEL LIBRO
Número Internacional Estándar del Libro 978-6-07-050673-4
041 0# - CÓDIGO DE IDIOMA
Código de lengua del texto/banda sonora o título independiente spa
082 04 - NÚMERO DE LA CLASIFICACIÓN DECIMAL DEWEY
Número de clasificación 720.472
Número de ítem Recursos energéticos, Energía solar - Arquitectura
100 1# - ENTRADA PRINCIPAL--NOMBRE DE PERSONA
Nombre de persona Enriquez Harper, Gilberto,
Término indicativo de función/relación autor
245 10 - MENCIÓN DEL TÍTULO
Título Instalaciones y sistemas fotovoltaicos
264 31 - PRODUCCIÓN, PUBLICACIÓN, DISTRIBUCIÓN, FABRICACIÓN Y COPYRIGHT
Producción, publicación, distribución, fabricación y copyright [México] :
-- México :
Nombre del de productor, editor, distribuidor, fabricante Limusa Noriega Editores,
Fecha de producción, publicación, distribución, fabricación o copyright 2014
300 ## - DESCRIPCIÓN FÍSICA
Extensión 334 páginas :
Otras características físicas gráficos, tablas
336 ## - TIPO DE CONTENIDO
Término de tipo de contenido texto
Código de tipo de contenido txt
Fuente rdacontent
337 ## - TIPO DE MEDIO
Nombre/término del tipo de medio no mediado
Código del tipo de medio n
Fuente rdamedia
338 ## - TIPO DE SOPORTE
Nombre/término del tipo de soporte volumen
Código del tipo de soporte nc
Fuente rdacarrier
504 ## - NOTA DE BIBLIOGRAFÍA, ETC.
Nota de bibliografía, etc. Incluye Bibliografía, Contenido.
505 0# - NOTA DE CONTENIDO CON FORMATO
Nota de contenido con formato Fundamentos de energía solar.-- Aplicaciones de los sistemas fotovoltaicos y conceptos básicos de circuitos.-- Las componentes básicas de los sistemas fotovoltaicos aislados en corriente directa.-- los sistemas fotovoltaicos aislados y conectados a la red eléctrica en corriente alterna
650 14 - PUNTO DE ACCESO ADICIONAL DE MATERIA--TÉRMINO DE MATERIA
Término de materia o nombre geográfico como elemento de entrada ENERGÍA ELÉCTRICA
650 24 - PUNTO DE ACCESO ADICIONAL DE MATERIA--TÉRMINO DE MATERIA
Término de materia o nombre geográfico como elemento de entrada MEDIO AMBIENTE
650 24 - PUNTO DE ACCESO ADICIONAL DE MATERIA--TÉRMINO DE MATERIA
Término de materia o nombre geográfico como elemento de entrada REDES ELÉCTRICAS
653 0# - TÉRMINO DE INDIZACIÓN--NO CONTROLADO
Término no controlado Instalaciones
942 ## - ELEMENTOS DE ENTRADA SECUNDARIOS (KOHA)
Fuente del sistema de clasificación o colocación Clasificación Decimal Dewey
Tipo de ítem Koha Libros
Suprimir en OPAC No
Holdings
Estado de pérdida Fuente del sistema de clasificación o colocación Estado de daño No para préstamo Biblioteca de origen Biblioteca actual Sección Fecha de adquisición Coste, precio normal de compra Total de préstamos Signatura topográfica completa Código de barras Visto por última vez Precio de reemplazo Tipo de ítem Koha
  Clasificación Decimal Dewey     Biblioteca Campus Norte Biblioteca Campus Norte Facultad de Ingeniería - Generalidades 18/09/2018 32.00   720.472 ENR L013998 L013998 15/12/2022 15/12/2022 Libros

Powered by Koha